The woman in white

Novela epistolar que narra la historia Walter Hartright, un profesor de dibujo, quien tras enamorarse de una de sus alumnas, Laura Fairlie, ve envuelto en la historia llena de intriga y misterio que fuerza al joven a unir fuerzas con la media hermana de Laura, Marian, para resolver el misterio y sal...

Cur síos iomlán

Sábháilte in:
Sonraí bibleagrafaíochta
Príomhchruthaitheoir: Collins, William Wilkie
Formáid: LEABHAR
Teanga:Undetermined
Foilsithe / Cruthaithe: Toronto, Canadá Bantam Books 1985
Ábhair:
Clibeanna: Cuir clib leis
Níl clibeanna ann, Bí ar an gcéad duine le clib a chur leis an taifead seo!

MARC

LEADER 00000nam a2200000Ia 4500
008 170316s9999 xx 000 0 und d
040 |a cru BVZT 
090 |a 820 C-11w 
100 |a Collins, William Wilkie 
245 4 |a The woman in white 
260 |a Toronto, Canadá 
260 |b Bantam Books 
260 |c 1985 
300 |a 567 páginas 
520 |a Novela epistolar que narra la historia Walter Hartright, un profesor de dibujo, quien tras enamorarse de una de sus alumnas, Laura Fairlie, ve envuelto en la historia llena de intriga y misterio que fuerza al joven a unir fuerzas con la media hermana de Laura, Marian, para resolver el misterio y salvar a Laura. A su vez, se encuentra con una misteriosa joven vestida de blanco que se parece a Laura. Libro en inglés. 
650 |a LITERATURA INGLESA  |9 12 
999 |c 6768  |d 6768 
942 |c 15 D  |h 820 C-11w  |2 z